|
|
|
|
| LEADER |
00903nam a2200301 4500 |
| 001 |
DLU060053930 |
| 040 |
# |
# |
|a DLU
|b vie
|
| 041 |
# |
# |
|a vie
|
| 044 |
# |
# |
|a vn
|
| 100 |
# |
# |
|a Nguyễn Ngọc Hợi
|
| 245 |
# |
# |
|a Đổi mới phương pháp đào tạo giáo viên /
|c Nguyễn Ngọc Hợi,Pham Minh Hùng,Thái Văn Thành
|
| 653 |
# |
# |
|a Đào tạo nghiệp vụ
|
| 653 |
# |
# |
|a Đổi mới giáo dục
|
| 653 |
# |
# |
|a Phương pháp giảng dạy
|
| 653 |
# |
# |
|a Quản lí giáo dục
|
| 700 |
# |
# |
|a Phạm Minh Hùng,Thái Văn Thành
|
| 773 |
# |
# |
|t Giáo dục
|g Số 108, 2005, tr.5 - 6
|
| 920 |
# |
# |
|a Phòng Tạp chí -- Trung tâm Thông tin - Thư viện Trường Đại học Đà Lạt
|
| 933 |
# |
# |
|a SP
|
| 994 |
# |
# |
|a DLU
|
| 900 |
# |
# |
|a True
|
| 911 |
# |
# |
|a Nguyễn Thị Yên
|
| 925 |
# |
# |
|a G
|
| 926 |
# |
# |
|a A
|
| 927 |
# |
# |
|a BB
|
| 980 |
# |
# |
|a Thư viện Trường Đại học Đà Lạt
|